Statistics for Eurovision Song Lyrics - San Marino

Click here to take the quiz!

General Stats

  • This quiz has been taken 7 times
  • The average score is 31 of 215

Answer Stats

Answer% Correct
a
86%
E
86%
me
57%
Y
57%
y
57%
el
43%
No
43%
no
43%
corazón
29%
la
29%
like
29%
love
29%
na'
29%
noche
29%
noche)
29%
romántico
29%
29%
algo
14%
But
14%
cambiar
14%
de
14%
dos
14%
entre
14%
eres
14%
es?
14%
es
14%
esas
14%
favor,
14%
fuera
14%
gente
14%
hacer
14%
hay
14%
herida
14%
irónico
14%
los
14%
mal
14%
menor
14%
Nada
14%
ni
14%
Otra
14%
pa'
14%
Para
14%
party
14%
Per
14%
Pero
14%
Por
14%
Que
14%
qué
14%
que
14%
querer
14%
querrá
14%
quién
14%
Quieres
14%
quieres
14%
rock
14%
roto
14%
Sabes
14%
saltar
14%
si
14%
Si
14%
Tengo
14%
to
14%
to',
14%
(toda
14%
toda
14%
tu
14%
14%
un
14%
voces
14%
We
14%
we
14%
abatirme
0%
alcune
0%
and
0%
atrás
0%
Benidorm
0%
buscando
0%
Buscando
0%
cambiare
0%
che
0%
dame
0%
Dame
0%
Dammi
0%
daré
0%
Dices
0%
donde
0%
estás
0%
estoy
0%
feroz
0%
ilógico
0%
Incluso
0%
lobo
0%
mágico
0%
más
0%
M-E-L-A-P-E-L-A
0%
(M-E-L-A-P-E-L-A)
0%
mentono
0%
mienten
0%
mis
0%
notte
0%
Otrа
0%
otras
0%
parar
0%
paso
0%
patético
0%
perder
0%
¿Pero
0%
Piensas
0%
poder
0%
potrai
0%
Prendimos
0%
puedes
0%
¿Puedes
0%
queste
0%
quiereѕ
0%
quiero
0%
ragione
0%
razón
0%
roll
0%
Sai
0%
saltare
0%
sáquenlo
0%
señal
0%
ser
0%
Siempre
0%
solo
0%
suena
0%
tiempo
0%
trágico
0%
tutta
0%
una
0%
Una
0%
unas
0%
usted
0%
Vas
0%
Ven
0%
venas?
0%
voci
0%
volere
0%

Score Distribution

Percentile by Number Answered

Percent of People with Each Score

Your Score History

You have not taken this quiz